Bears / (Record no. 9488)

MARC details
000 -LEADER
fixed length control field 01426nam a22002777a 4500
001 - CONTROL NUMBER
control field 9488
003 - CONTROL NUMBER IDENTIFIER
control field FISKH
005 - DATE AND TIME OF LATEST TRANSACTION
control field 20260114114844.0
008 - FIXED-LENGTH DATA ELEMENTS--GENERAL INFORMATION
fixed length control field 260114b cb ||||| |||| 00| 0 eng d
020 ## - INTERNATIONAL STANDARD BOOK NUMBER
International Standard Book Number 9781848102309
040 ## - CATALOGING SOURCE
Original cataloging agency FISKH
Language of cataloging eng
Transcribing agency FISKH
Modifying agency FISKH
050 ## - LIBRARY OF CONGRESS CALL NUMBER
Classification number QL737.C27 D353
082 ## - DEWEY DECIMAL CLASSIFICATION NUMBER
Classification number 599.78
100 ## - MAIN ENTRY--PERSONAL NAME
Personal name Bédoyère , Camilla De la
245 ## - TITLE STATEMENT
Title Bears /
Statement of responsibility, etc. By Camilla De la Bédoyère
250 ## - EDITION STATEMENT
Edition statement First edition printed 2010
260 ## - PUBLICATION, DISTRIBUTION, ETC.
Place of publication, distribution, etc. UK :
Name of publisher, distributor, etc. Miles Kelly Publishing​ ,
Date of publication, distribution, etc. 2008.
300 ## - PHYSICAL DESCRIPTION
Extent 48 pages :
Other physical details color illustrations ;
Dimensions 30 cm .
490 ## - SERIES STATEMENT
Series statement 100 facts
520 ## - SUMMARY, ETC.
Summary, etc. There are many reasons why bears are among the most popular exhibits in zoos. These powerful mammals can seem simultaneously adorable and dangerous. This fact-filled volume offers much more knowledge than a bear lover could find in a zoo. Besides valuable scientific information about the eight species of bears remaining in the world, their habitats, life cycles, diet, and more, readers will also find out about species that are now extinct such as Arctodus, a towering bear that measured over 10 feet (3 m) in height! Colorful photographs, illustrations, and diagrams supplement this impressive collection of bear facts"--Provided by the publisher.
650 ## - SUBJECT ADDED ENTRY--TOPICAL TERM
Topical term or geographic name entry element Forest animals
Form subdivision Non-fiction
650 ## - SUBJECT ADDED ENTRY--TOPICAL TERM
Topical term or geographic name entry element Wildlife
Form subdivision Non-fiction
700 ## - ADDED ENTRY--PERSONAL NAME
Personal name Taylor , Barbara
Relator term Consultant
942 ## - ADDED ENTRY ELEMENTS (KOHA)
Source of classification or shelving scheme Dewey Decimal Classification
Koha item type Books
Suppress in OPAC No
Holdings
Withdrawn status Lost status Source of classification or shelving scheme Damaged status Not for loan Collection Home library Current library Shelving location Date acquired Total Checkouts Full call number Barcode Date last seen Price effective from Koha item type
    Dewey Decimal Classification     Non-Fiction Footprints International School Library Network Toul Tom Poung Campus Footprints International School Library Network Toul Tom Poung Campus TTP Secondary Non-Fiction Bookshelves 01/14/2026   BED 599.78 QL737.C27 D353 2026-0049 01/14/2026 01/14/2026 Books